練習,喜歡自己 : 一天一點,比昨天更喜歡今天的自己
| 資料類型: | 圖書 | 書目號: | 49702 |
Leader xxxxxxxxxx 001 __ PCLIS00049702 005 __ 20220611154913.0 010 0_ |a978-986-342-564-9|b平裝|dNT$320 100 __ |a20160421d2016 m y0chiy09 e 101 0_ |achi 102 __ |atw 105 __ |aa z 000cy 200 1_ |a練習,喜歡自己|e一天一點,比昨天更喜歡今天的自己|f肆一作 210 __ |a臺北市|c三采文化|d2016[民105] 215 0_ |a157面|c彩圖|d19公分 225 1_ |a愛寫|v5 517 1_ |a一天一點,比昨天更喜歡今天的自己|zchi 606 __ |2cst|a散文 681 __ |a855|b852 700 _0 |a肆一|f1976- |4作 801 _0 |atw|b內湖高中|c20160421|gCCR |